The effects different formmulated feeds on freshwater prawn culture in concerte tanks , ឥទ្ធិពលនៃចំណីផ្សំខុសៗគ្នាទៅលើការចិញ្ចឹមបង្កងទឹកសាប ក្នុងអាងស៊ីម៉ង់តិ៍. (Record no. 3981)
[ view plain ]
| 000 -LEADER | |
|---|---|
| fixed length control field | 00689nam a22001577a 4500 |
| 003 - CONTROL NUMBER IDENTIFIER | |
| control field | OSt |
| 005 - DATE AND TIME OF LATEST TRANSACTION | |
| control field | 20151204110146.0 |
| 008 - FIXED-LENGTH DATA ELEMENTS--GENERAL INFORMATION | |
| fixed length control field | 151204b xxu||||| |||| 00| 0 eng d |
| 040 ## - CATALOGING SOURCE | |
| Transcribing agency | RUA |
| 082 ## - DEWEY DECIMAL CLASSIFICATION NUMBER | |
| Classification number | FIS CHE 2008 B179 Or.1 |
| 100 ## - MAIN ENTRY--PERSONAL NAME | |
| 9 (RLIN) | 4266 |
| Personal name | CHEA KIMSENG; ជា គឹមស៊ាង |
| 245 ## - TITLE STATEMENT | |
| Title | The effects different formmulated feeds on freshwater prawn culture in concerte tanks , ឥទ្ធិពលនៃចំណីផ្សំខុសៗគ្នាទៅលើការចិញ្ចឹមបង្កងទឹកសាប ក្នុងអាងស៊ីម៉ង់តិ៍. |
| 260 ## - PUBLICATION, DISTRIBUTION, ETC. (IMPRINT) | |
| Place of publication, distribution, etc. | Phnom Penh |
| Name of publisher, distributor, etc. | RUA |
| Date of publication, distribution, etc. | 2008 |
| 300 ## - PHYSICAL DESCRIPTION | |
| Extent | x; 45p. |
| Other physical details | ill. |
| Dimensions | 29cm. |
| 942 ## - ADDED ENTRY ELEMENTS (KOHA) | |
| Source of classification or shelving scheme | |
| Koha item type | FIS |
| Price effective from | Date last seen | Permanent Location | Not for loan | Date acquired | Source of classification or shelving scheme | Koha item type | Lost status | Withdrawn status | Date last checked out | Total Checkouts | Shelving location | Damaged status | Barcode | Current Location | Full call number |
|---|---|---|---|---|---|---|---|---|---|---|---|---|---|---|---|
| 2015-12-04 | 2021-03-09 | Library Block B | 2015-12-04 | FIS | 2021-02-22 | 1 | B179 | RUA011008 | Library Block B | FIS CHE 2008 B179 Or.1 | |||||
| 2015-12-04 | 2015-12-04 | Library Block B | 2015-12-04 | FIS | B179 | RUA011373 | Library Block B | FIS CHE 2008 B179 Or.2 | |||||||
| 2015-12-04 | 2015-12-04 | Library Block B | 2015-12-04 | FIS | B179 | RUA011146 | Library Block B | FIS CHE 2008 B179 Or.3 | |||||||
| 2015-12-04 | 2015-12-04 | Library Block B | 2015-12-04 | FIS | B179 | RUA011159 | Library Block B | FIS CHE 2008 B179 Or.4 | |||||||
| 2015-12-04 | 2015-12-04 | Library Block B | 2015-12-04 | FIS | B179 | RUA011229 | Library Block B | FIS CHE 2008 B179 Or.5 | |||||||
| 2015-12-04 | 2015-12-04 | Library Block B | 2015-12-04 | FIS | B179 | RUA019986 | Library Block B | FIS CHE 2008 B179 Or.6 | |||||||
| 2015-12-04 | 2015-12-04 | Library Block B | 2015-12-04 | FIS | B179 | RUA019796 | Library Block B | FIS CHE 2008 B179 Or.7 |